Sports Quiz

Random Sports or Football Quiz
Score 0/8 Timer 03:00
77 Plays Today
% Correct
David Beckham
81.7%
Ruud van Nistelrooy
79.9%
Clarence Seedorf
76.6%
Ruud Gullit
74.9%
Mikaël Silvestre
72.9%
Jaap Stam
72.4%
Fabio Cannavaro
64.8%
Johan Cruyff
49.4%
Remove Ads.
Support Sporcle.
Get the best of Sporcle when you Go Orange. This ad-free experience offers more features, more stats, and more fun while also helping to support Sporcle. Thank you for becoming a member.

You're not logged in!

Compare scores with friends on all Sporcle quizzes.
OR
Log In

Show Comments

Extras

Top Quizzes Today


Score Distribution

Your Account Isn't Verified!

In order to create a playlist on Sporcle, you need to verify the email address you used during registration. Go to your Sporcle Settings to finish the process.

Report this User

Report this user for behavior that violates our Community Guidelines.

Details: